Progress in polymer science Japan. V 8 (Record no. 24088)

MARC details
000 -LEADER
fixed length control field 00281nam a2200109Ia 4500
082 ## - DEWEY DECIMAL CLASSIFICATION NUMBER
Classification number 678 (520)
Item number PRO.8
245 #0 - TITLE STATEMENT
Title Progress in polymer science Japan. V 8
260 ## - PUBLICATION, DISTRIBUTION, ETC. (IMPRINT)
Place of publication Tokyo
Name of publisher Kodansha
Year of publication 1975
650 ## - SUBJECT ADDED ENTRY--TOPICAL TERM
Topical Term Biopolymers
942 ## - ADDED ENTRY ELEMENTS (KOHA)
Koha item type Books
Holdings
Withdrawn status Lost status Damaged status Not for loan Home library Current library Date acquired Cost, normal purchase price Full call number Accession Number Koha item type
        RRII Library RRII Library 16/12/2021 26.50 678 (520) PRO.8 04775 Books